| 000 | 00000nas 2200000zi 4500 |
| 001 | 9.877814 |
| 003 | CaOODSP |
| 005 | 20250109085210 |
| 006 | m o d f |
| 007 | cr ||||||||||| |
| 008 | 190812c20179999oncar p|o f0###b0fre|d |
| 022 | |a2562-7813 |
| 040 | |aCaOODSP|bfre|erda|cCaOODSP |
| 043 | |an-cn--- |
| 086 | 1 |aHP22-1F-PDF |
| 222 | 4|aUne stratégie sur la démence pour le Canada |
| 245 | 04|aUne stratégie sur la démence pour le Canada : |bensemble, nous y aspirons : … rapport annuel au Parlement … |
| 246 | 3 |iLes livraisons de 2020- comportent le titre : |aUne stratégie sur la démence pour le Canada : |bensemble, nous réalisons : rapport annuel de ... |
| 264 | 1|a[Ottawa] : |bAgence de santé publique du Canada = Public Health Agency of Canada, |c2019- |
| 310 | |aAnnuel |
| 336 | |atexte|btxt|2rdacontent/fre |
| 337 | |ainformatique|bc|2rdamedia/fre |
| 338 | |aressource en ligne|bcr|2rdacarrier/fre |
| 362 | 1 |aParaît depuis : 1er (juin 2019). |
| 500 | |aPublié aussi en anglais sous le titre : A dementia strategy for Canada, together we aspire, … annual report to Parliament … |
| 588 | |aDescription d'après : 1er (juin 2019). |
| 588 | |aDernière livraison consultée : 1er (juin 2019). |
| 650 | 6|aDémence|xPolitique gouvernementale|zCanada|vPériodiques. |
| 650 | 6|aDéments|xSoins|zCanada|vPériodiques. |
| 650 | 6|aDémence|zCanada|xPrévention|vPériodiques. |
| 710 | 2 |aAgence de santé publique du Canada, |eorganisme de publication. |
| 775 | 08|tA dementia strategy for Canada : |w(CaOODSP)9.877811 |
| 986 | |aPub. : 190277 |